Latex graphics companion illustrating documents with teX and postScript (Record no. 964)

MARC details
000 -LEADER
fixed length control field 00540nam a2200193Ia 4500
008 - FIXED-LENGTH DATA ELEMENTS--GENERAL INFORMATION
fixed length control field 130318s9999 xx 000 0 und d
020 ## - INTERNATIONAL STANDARD BOOK NUMBER
International Standard Book Number 201854694
082 ## - DEWEY DECIMAL CLASSIFICATION NUMBER
Classification number 005.52L GOO/L
100 ## - MAIN ENTRY--PERSONAL NAME
Personal name Goossens, Michel
245 ## - TITLE STATEMENT
Title Latex graphics companion illustrating documents with teX and postScript
260 ## - PUBLICATION, DISTRIBUTION, ETC.
Name of publisher, distributor, etc. Addison Wesley
Place of publication, distribution, etc. Boston
Date of publication, distribution, etc. 1997
300 ## - PHYSICAL DESCRIPTION
Extent 554
650 ## - SUBJECT ADDED ENTRY--TOPICAL TERM
Topical term or geographic name entry element COMPUTERISED TYPESETTING
650 ## - SUBJECT ADDED ENTRY--TOPICAL TERM
Topical term or geographic name entry element LATEX
650 ## - SUBJECT ADDED ENTRY--TOPICAL TERM
Topical term or geographic name entry element POSTSCRIPT
650 ## - SUBJECT ADDED ENTRY--TOPICAL TERM
Topical term or geographic name entry element TECHNICAL PUBLISHING
700 ## - ADDED ENTRY--PERSONAL NAME
Personal name Mittelbach, Frank
700 ## - ADDED ENTRY--PERSONAL NAME
Personal name Rahtz, Sebastian
Holdings
Withdrawn status Lost status Damaged status Not for loan Home library Current library Shelving location Date acquired Cost, normal purchase price Total Checkouts Full call number Barcode Date last seen Price effective from Koha item type
        Kerala University of Digital Sciences, Innovation and Technology Knowledge Centre Kerala University of Digital Sciences, Innovation and Technology Knowledge Centre Computer Science 18/03/2013 1972.00   005.52L GOO/L 971 18/03/2013 18/03/2013 Books